000 00519nam a2200193Ia 4500
003 OSt
005 20230425144048.0
008 230105s9999||||xx |||||||||||||| ||und||
020 _a8170004535
040 _cChuka University Library
050 _aZ 696
_bD55 2005
100 _aDHIMAN,ANIL.K
_94703
245 0 _aLEARN LIBRARY CLASSIFICATION
260 _aESS ESS PUBLICATIONS
_bNEWDELHI
_c2005
300 _a259 P.
_bIncludes Index
600 _2Rani, Y.
650 _a LIBRARY CLASSIFICATION
_99706
942 _cBK
_2lcc
999 _c7424
_d7424